000 00499nam a2200181 4500
001 7333
005 20230410130731.0
008 060907n1997 dr spa
020 _a1857532511
035 _9funglode7397
041 _aEN
050 1 4 _aPN 5123 B365l 1997
100 _aBeeston, Richard
245 1 _aLooking for trouble :
_bthe life and times of a foreign correspondent /
_cRichard Beeston
260 _aLondon: Brassey's,
_c1997
300 _aXIV, 178 p
942 _2lcc
_cbk
999 _c79439
_d79439